Statistics for Combined Movie Titles

Click here to take the quiz!

General Stats

  • This quiz has been taken 200 times
  • The average score is 21 of 24

Answer Stats

HintAnswer% Correct
Jay And Silent Bob Strike ____ To The FutureBack
98%
From Dusk Till ____ OF The DeadDawn
98%
The Sixth _____ And SensibilitySense
98%
Lion ____'s SpeechKing
97%
Charlie's ______ And DemonsAngels
96%
Bill and Ted's Excellent _________s of TintinAdventure
93%
Die ____ BallHard
93%
My Big Fat Greek _______ CrashersWedding
93%
Con ___ Force OneAir
92%
How To Lose A Guy In 10 ____ Of ThunderDays
92%
Scar____ OffFace
92%
Grand Budapest _____ RwandaHotel
92%
The Rocky Horror Picture ____girlsShow
92%
40 Year Old ______ SuicidesVirgin
92%
Iron ___ On FireMan
90%
The Princess _____ of FrankensteinBride
89%
A Clockwork ______ CountyOrange
89%
National ________ IslandTreasure
84%
Office _____ JamSpace
83%
The Land Before ____ CopTime
83%
The Theory Of __________ Must GoEverything
79%
Blood _______s Are ForeverDiamond
76%
Detroit Rock ____ SlickersCity
73%
Grandma's ___hoodBoy
40%

Score Distribution

Percentile by Number Answered

Percent of People with Each Score

Your Score History

You have not taken this quiz